Κατάλογος Βιβλιοθηκών Mediterranean College

Multi Party Politics and the Constitution (Record no. 1916)

MARC details
000 -LEADER
fixed length control field 01239cam a22002054a 4500
005 - ΗΜΕΡΟΜΗΝΙΑ ΚΑΙ ΩΡΑ ΤΕΛΕΥΤΑΙΑΣ ΕΝΗΜΕΡΩΣΗΣ
Πεδίο ελέγχου 20250605164023.0
008 - FIXED-LENGTH DATA ELEMENTS--GENERAL INFORMATION
Πεδίο ελέγχου σταθερού μήκους 250528s ||||||||||||||||||||||||d
035 ## - SYSTEM CONTROL NUMBER
System control number 16415
020 ## - ISBN
ISBN 521275261
040 ## - ΠΗΓΗ ΚΑΤΑΛΟΓΟΓΡΑΦΗΣΗΣ
Φορέας πρωτότυπης καταλογογράφησης MC Athens Campus Library
Γλώσσα καταλογογράφησης Ελληνικά, Μοντέρνα (1453-)
Modifying agency MC Athens Campus Library
Κανόνες περιγραφικής καταλογογράφησης AACR2
245 1# - ΤΙΤΛΟΣ ΚΑΙ ΔΗΛΩΣΗ ΥΠΕΥΘΥΝΟΤΗΤΑΣ
Τίτλος Multi Party Politics and the Constitution
250 ## - EDITION STATEMENT
Edition statement 1st
260 ## - PUBLICATION, DISTRIBUTION, ETC.
Name of publisher, distributor, etc. Cambridge University Press,
Date of publication, distribution, etc. 1983
300 ## - PHYSICAL DESCRIPTION
Extent 212
520 ## - SUMMARY, ETC.
Summary, etc. Written in clear, non-technical language, will prove to be required reading not only for the student of politics but for anyone who wishes to understand the significance of current trends in British politics. List of Tables, Acknowledgements, Notes on Sources, Introduction, Multi-Party Politics, The Two-Party System and Its Challengers, The Social Democratic Party and the Alliance, Multi-Party Politics and the Electronet, Multi-Party Politics and the Future, The Constitutional Consequences, Forming a Government: The Lessons of History, Forming a Government: The Rules of the Game, Minority Government, Coalition Government, Conclusion, Appendix: Coalition and Minority Governments in Britain Since 1895, Bibliographical Note, Index.
700 1# - ΠΡΟΣΘΕΤΗ ΑΝΑΓΡΑΦΗ--ΦΥΣΙΚΟ ΠΡΟΣΩΠΟ
Personal name Bogdanor Vernon
9 (RLIN) 2507
942 ## - ADDED ENTRY ELEMENTS (KOHA)
Koha item type Books
Holdings
Τύπος τεκμηρίου Βιβλιοθήκη Τρέχουσα τοποθεσία Barcode Αριθμός εισαγωγής Ημερομηνία απόκτησης Ταξιθετικό σύμβολο Αριθμός αντιτύπου Κατάσταση απόσυρσης Κατάσταση χαμένου Κατάσταση κατεστραμμένου Μη δανεισμός Σύνολο δανεισμών Ημερομηνία τελευταίας εμφάνισης Η τιμή ισχύει από
Books MC Athens Campus Library MC Athens Campus Library 9780000019158 4119 05/06/2025 329.941 BOG 1           05/06/2025 05/06/2025

MC Athens Campus Library
Πατησίων 94 & Κοδριγκτώνος 13, 104 34
Πελλήνης 8 & Πατησίων 107, 112 51
Τ: +30 210 8899600

MC Thessaloniki Campus Library
Ίωνος Δραγούμη 21, 54625 | Ίωνος Δραγούμη 15, 54625
Τ: +30 2310 287779 – Τ: +30 2314 440300